Munícipios que fazem Divisa com São Paulo - Statistics

Estatísticas Gerais
  • Esse quiz foi jogado 34 vezes
  • A pontuação média é 15 de 23
Estatísticas das Respostas
Divisa por Resposta % Correto
Sudeste São Bernardo do Campo
96%
Sudeste Diadema
93%
Nordeste Guarulhos
93%
Oeste Osasco
93%
Sudeste São Caetano do Sul
89%
Sudeste Santo André
86%
Oeste Embu das Artes
79%
Sudeste Mauá
75%
Oeste Barueri
71%
Leste Itaquaquecetuba
71%
Norte Caieiras
68%
Leste Poá
68%
Leste Ferraz de Vasconcelos
61%
Oeste Itapecerica da Serra
61%
Noroeste Cajamar
54%
Oeste Embu-Guaçu
50%
Oeste Cotia
46%
Norte Mairiporã
46%
Sul São Vicente
43%
Noroeste Santana de Parnaíba
39%
Oeste Taboão da Serra
36%
Sul Itanhaém
25%
Oeste Juquitiba
14%
Nenhum quiz correspondente encontrado
Distribuição das Pontuações
Porcentagem de Pessoas com Cada Pontuação
Percentil de Números Respondidos
Sua Pontuação Histórica
Você não jogou esse quiz